000
00307nam a2200133 a 4500
001
4205
003
CDMR
005
20130116135253.0
008
130130s1999||||||||||||||||||||||||||||d
040
_a
CDMR
_b
cat
_c
CPC GIRONA
245
0
_a
Cinc llegendes de Girona
260
_c
1999
_b
Girona de rĂ dio
942
_c
MON
999
_c
4205
_d
4205